1624 1934 1550 1333 1103 1745 1303 1988 1429 1826 1188 1687 1709 1631 1364 1374 1075 1829 1966 1704 1731 1252 1650 1676 1948 1577 1223 1923 1891 1120 1751 1242 1803 1453 1233 1837 1604 1997 1327 1333 1173 1411 1174 1328 1888 1319 1944 1465 1632 1513 1074 1828 1438 1933 1497 1040 1175 1066 1786 1414 1843 1311 1294 1532 1695 1792 1394 1448 1444 1598 1645 1612 1090 1169 1072 1550 1316 1702 1639 1537 1278 1102 1948 1505 1930 1333 1742 1395 1623 1710 1148 1612 1121 1074 1548 1093 1941 1499 1746 BCNSPRNW ULIB Ver.6.0+V

เปลี่ยนเป็นภาษาไทย

Change to English
 แสดงรายละเอียดบรรณานุกรม
  กลับหน้าหลัก

Brief Record : Get Marc (ISO 2709) : E-mail record : QR code < ปิดหน้าต่าง
LEADER : 00000nam 2200000uu 4500
001    13399122487
003     ULIB
008    970410s2537 th m 000 0 tha d
099    ^aวพ.WY150^bว692ป
100 0  ^aวิราภรณ์ ระดาวิริยะกุล
245 10 ^aปัจจัยคัดสรรที่มีความสัมพันธ์กับการปฏิบัติการพยาบาลผู้สูงอายุของพยาบาลวิชาชีพในโรงพยาบาลประจำจังหวัด สังกัดกระทรวงสาธารณสุขภาคตะวันออกเฉียงเหนือของประเทศไทย =^bThe relationship of selected factors and the nursing practice for the elderly of professional nurses in Provincial Hospital under Ministry of Public Health in theNorth Eastern, Thailand /^cวิราภรณ์ ระดาวิริยะกุล
246 31 ^aRelationship of selected factors and the nursing practice for the elderly of professional nurses in Provincial Hospital under Ministry of Public Health in the North Eastern, Thailand
260    ^a^c2537
300    ^aก-ญ, 167 แผ่น ;^c30 ซม.
500    ^aSend to Single Search
502    ^aวิทยานิพนธ์ (วท.ม. (สาธารณสุขศาสตร์))--มหาวิทยาลัยมหิดล, 2537
610 24 ^aมหาวิทยาลัยมหิดล^xวิทยานิพนธ์
610 24 ^aมหาวิทยาลัยมหิดล. ^bคณะสาธารณสุขศาสตร์^xวิทยานิพนธ์
650  4 ^aการพยาบาลผู้สูงอายุ
650  4 ^aพยาบาลวิชาชีพ
650  4 ^aพยาบาลวิชาชีพกับผู้สูงอายุ
650  4 ^aผู้สูงอายุ
691    ^aวท.ม. (2537)
692    ^aพยาบาลสาธารณสุข (มหาวิทยาลัยมหิดล 2537)
710 2  ^aมหาวิทยาลัยมหิดล
710 2  ^aมหาวิทยาลัยมหิดล. ^bคณะสาธารณสุขศาสตร์
710 22 ^aมหาวิทยาลัยมหิดล.^tวิทยานิพนธ์
710 22 ^aMahidol University.^tThesis
945    ^p0^l0^i023437
999    ^aกมลทิพย์ ธนสารสุธี
รายการนี้ยังไม่มีแท็ก
คุณยังไม่ได้ล็อกอิน คุณสามารถมีกิจกรรมร่วมกับเว็บไซต์ได้ แต่ต้องล็อกอินก่อน ::
  ล็อกอิน

รายการสื่อสารสนเทศ

ลำดับที่ ประเภท เลขเรียก/บาร์โค้ด สถานที่ สถานะ
1. วิทยานิพนธ์
วิทยานิพนธ์
วพ.WY150 ว692ป  
  Barcode: 023437
ห้องสมุดวิทยาเขตสวรรค์ประชารักษ์
► วิทยานิพนธ์
บนชั้น

รายการใกล้เคียง
    หัวเรื่อง [การพยาบาลผู้สูงอายุ]
    หัวเรื่อง [พยาบาลวิชาชีพ]
    หัวเรื่อง [ผู้สูงอายุ]

BibComment


ยังไม่เคยถูกคอมเมนท์

คอมเมนท์ทรัพยากรรายการนี้
  คอมเมนท์: ปัจจัยคัดสรรที่ม..


 Copyright 2026. Bcnsprnw @Library